000 00578nam a2200181Ia 4500
008 100921s9999 xx 000 0 und d
082 _b5534
_a891.463 थ 17
100 _aआपटे हरी नारायण.
245 _aसूर्योदय.
260 _bआपटे हरी नारायण,पुणे.
_c1917
300 _a482
_b---
365 _b0
520 _aललित-कादंबरी.
630 _aसूर्योदय.
650 _aललित-कादंबरी.
730 _aसूर्योदय.
942 _cBOOK
999 _c754647
_d754644